000 00327 a2200157 4500
001 191306
020 _a85-7160-123-2
040 _cMagnum
100 _aCoelho, Ronaldo Simões
240 1 0 _aVampirilampo
_lpor
245 1 0 _aVampirilampo
300 _a17
362 0 _a1999
697 _aLITERATURA INFANTIL
942 _cBK
999 _c191306
_d191306